00651 2200217 4500001002100000005001500021035002000036007000300056008004100059020002200100082001000122084001600132100003100148245008500179250000600264260003600270300004700306700003400353650002900387990001700416INLIS00000000000129220260518091632 a0010-1023000112ta260518 j 0 ind  a978-602-879-851-8 a2x2.6 a2x2.6 ANN m0 aAnna Fauziah ( Pengarang )1 aMiracles of Quran :bAqidah Akhlak /cAnna Fauziah ; Editor , Helfi Ghulam Faizi a- aJakarta :bPustaka Lebah,c2013 a39 :bilus. ;gambar berwarna ;c28.5 cme-1 aHelfi Ghulam Faizi ( Editor ) 4aIslam - cerita anak anak a00091/R/2014